[Event "Pardubice Infinity op 26th"]
[Site "Pardubice"]
[Date "2015.07.17"]
[Round "1"]
[White "Jun, Rudolf Sr"]
[Black "Hansch, Karsten"]
[Result "0-1"]
[WhiteElo "1563"]
[BlackElo "2239"]
[PlyCount "86"]
[EventDate "2015.07.17"]
[EventType "swiss"]
[EventRounds "7"]
[EventCountry "CZE"]
[SourceTitle "EXT 2017"]
[Source "ChessBase"]
[SourceDate "2016.10.25"]
[SourceVersion "1"]
[SourceVersionDate "2016.10.25"]
[SourceQuality "1"]

1. e4 c6 2. d4 d5 3. exd5 cxd5 4. Nc3 Nc6 5. Bb5 Nf6 6. Nf3 Bg4 7. 0-0 e6 8. Re1 Bb4 9. Bxc6+ bxc6 10. Bd2 0-0 11. a3 Ba5 12. h3 Bxf3 13. Qxf3 Qb6 14. Na4 Qxd4 15. Bxa5 Qxa4 16. Bb4 Rfc8 17. b3 Qb5 18. Rac1 c5 19. Bd2 Ne4 20. Bf4 Qa6 21. a4 c4 22. Qg4 Qb7 23. Be5 f5 24. Qf4 cxb3 25. cxb3 Qxb3 26. Rxc8+ Rxc8 27. f3 g5 28. Qe3 Qxe3+ 29. Rxe3 Rc1+ 30. Kh2 Nd2 31. Ra3 Nf1+ 32. Kg1 Ng3+ 33. Kf2 f4 34. Ra1 Rc2+ 35. Kg1 d4 36. Rd1 d3 37. Kh2 d2 38. Bd4 Rc1 39. Rxc1 dxc1Q 40. Bg1 h5 41. a5 h4 42. a6 e5 43. Bf2 Qh1# 0-1